Quyền thành lập doanh nghiệp có vốn đầu tư nước ngoài tại Việt Nam : Luận văn Thạc sỹ luật học. Ngành Luật Kinh tế

Nội dung đề tài nghiên cứu các cơ sở lý luận về doanh nghiệp có vốn đầu tư nước ngoài và quyền thành lập doanh nghiệp có vốn đầu tư nước ngoài tại Việt Nam. Tìm hiểu về quyền thành lập doanh nghiệp có vốn đầu tư nước ngoài tại...

詳細記述

保存先:
書誌詳細
第一著者: Huỳnh, Cầm
フォーマット: 図書
言語:Undetermined
出版事項: Cần Thơ Đại học Cần Thơ 2013
主題:
タグ: タグ追加
タグなし, このレコードへの初めてのタグを付けませんか!
Thư viện lưu trữ: Trung tâm Học liệu Trường Đại học Cần Thơ
LEADER 01331nam a2200229Ia 4500
001 CTU_189011
008 210402s9999 xx 000 0 und d
082 |a 346.597065 
082 |b C120 
088 |a 603850 
100 |a Huỳnh, Cầm 
245 0 |a Quyền thành lập doanh nghiệp có vốn đầu tư nước ngoài tại Việt Nam : 
245 0 |b Luận văn Thạc sỹ luật học. Ngành Luật Kinh tế 
245 0 |c Huỳnh Cầm ; Cao Nhất Linh (hướng dẫn) 
260 |a Cần Thơ 
260 |b Đại học Cần Thơ 
260 |c 2013 
520 |a Nội dung đề tài nghiên cứu các cơ sở lý luận về doanh nghiệp có vốn đầu tư nước ngoài và quyền thành lập doanh nghiệp có vốn đầu tư nước ngoài tại Việt Nam. Tìm hiểu về quyền thành lập doanh nghiệp có vốn đầu tư nước ngoài tại Việt Nam của các nhà đầu tư cũng như việc thực hiện quyền này theo quy định của pháp luật Việt Nam. 
650 |a Doanh nghiệp 
650 |x Thủ tục thành lập 
904 |i Qhieu, Thanh Thúy 
980 |a Trung tâm Học liệu Trường Đại học Cần Thơ